Electrical Appliance Servicing (Record no. 194965)
[ view plain ]
| 000 -LEADER | |
|---|---|
| fixed length control field | 00606 a2200169 4500 |
| 003 - CONTROL NUMBER IDENTIFIER | |
| control field | Nust |
| 005 - DATE AND TIME OF LATEST TRANSACTION | |
| control field | 20170207154213.0 |
| 040 ## - CATALOGING SOURCE | |
| Transcribing agency | Nust |
| 082 ## - DEWEY DECIMAL CLASSIFICATION NUMBER | |
| Classification number | 621.3 |
| 110 ## - MAIN ENTRY--CORPORATE NAME | |
| Corporate name or jurisdiction name as entry element | William H, Crouse |
| 245 ## - TITLE STATEMENT | |
| Title | Electrical Appliance Servicing |
| Statement of responsibility, etc. | William H, Crouse |
| 260 ## - PUBLICATION, DISTRIBUTION, ETC. | |
| Place of publication, distribution, etc. | New York |
| Name of publisher, distributor, etc. | McGraw-Hill |
| Date of publication, distribution, etc. | 1950 |
| 300 ## - PHYSICAL DESCRIPTION | |
| Extent | x, 854p |
| 505 ## - FORMATTED CONTENTS NOTE | |
| Formatted contents note | Section 1. Fundamentals (Page-3) Section 2. Resistance –Heating Appliances (Page-143) Section 3. Motor-Driven Appliances (Page-317) Section 4. Refrigeration and air Conditioning (Page-731) |
| 538 ## - SYSTEM DETAILS NOTE | |
| System details note | Almirah 127, Shelf 5 |
| 650 ## - SUBJECT ADDED ENTRY--TOPICAL TERM | |
| Topical term or geographic name entry element | Electrical Appliance Servicing |
| 942 ## - ADDED ENTRY ELEMENTS (KOHA) | |
| Source of classification or shelving scheme | |
| Koha item type | Book |
| Withdrawn status | Lost status | Source of classification or shelving scheme | Damaged status | Not for loan | Collection code | Permanent Location | Current Location | Date acquired | Total Checkouts | Full call number | Barcode | Date last seen | Price effective from | Koha item type |
|---|---|---|---|---|---|---|---|---|---|---|---|---|---|---|
| Military College of Signals (MCS) | Military College of Signals (MCS) | 12/12/2016 | 631.3 PRO | MCS8204 | 12/08/2016 | 12/12/2016 | Book | |||||||
| Military College of Signals (MCS) | Military College of Signals (MCS) | 12/12/2016 | 631.3 PRO | MCS8210 | 12/08/2016 | 12/12/2016 | Book | |||||||
| Military College of Signals (MCS) | Military College of Signals (MCS) | 12/12/2016 | 631.3 PRO | MCS8232 | 12/08/2016 | 12/12/2016 | Book | |||||||
| Military College of Signals (MCS) | Military College of Signals (MCS) | 12/12/2016 | 631.3 PRO | MCS8233 | 12/08/2016 | 12/12/2016 | Book | |||||||
| Military College of Signals (MCS) | Military College of Signals (MCS) | 12/12/2016 | 631.3 PRO | MCS8234 | 12/08/2016 | 12/12/2016 | Book |
